Sudden Death - Oceania - Statistics

General Stats
  • This quiz has been taken 96 times
  • The average score is 13 of 14
Answers on the Grid
Answers color-coded by a green-red scale on the quiz's grid according to % correct below.
Australia
Palau
Phillipines
Micronesia
Qatar
India
Papau New Guinea
Tuvalu
Grenada
Yemen
Guyana
Uruguay
Tonga
Vanuatu
Thailand
Brunei
Monaco
Iceland
Canada
Samoa
Taiwan
Brazil
United Kingdom
Nauru
Kiribati
Solomon Islands
Saint Vincent and Grenadines
Antigua and Barbuda
New Zealand
Fiji
Togo
Benin
Algeria
Austria
Liechenstein
Ireland
Chile
United States
France
Marshall Islands
 
Answer Stats
Answer % Correct
Australia
97%
Papau New Guinea
97%
Palau
94%
Fiji
92%
Marshall Islands
92%
Samoa
92%
Solomon Islands
92%
Micronesia
91%
Nauru
91%
Tuvalu
91%
Kiribati
90%
Tonga
90%
Vanuatu
88%
New Zealand
87%
No matching quizzes found
Score Distribution
Percent of People with Each Score
Percentile by Number Answered
Your Score History
You have not taken this quiz